|
|
|
|
| LEADER |
00000cam a22000004a 4500 |
| 001 |
musev2_24402 |
| 003 |
MdBmJHUP |
| 005 |
20230905042612.0 |
| 006 |
m o d |
| 007 |
cr||||||||nn|n |
| 008 |
141015t20122012ilu o 00 0 eng d |
| 020 |
|
|
|a 9781501757648
|
| 020 |
|
|
|z 9781609090678
|
| 020 |
|
|
|z 9780875806822
|
| 035 |
|
|
|a (OCoLC)868220498
|
| 040 |
|
|
|a MdBmJHUP
|c MdBmJHUP
|
| 100 |
1 |
|
|a Born, Kathryn,
|e author.
|
| 245 |
1 |
4 |
|a The Blue Kind /
|c Kathryn Born ; Shaun Allshouse, design.
|
| 264 |
|
1 |
|a DeKalb, Illinois :
|b Switchgrass Books,
|c 2012.
|
| 264 |
|
3 |
|a Baltimore, Md. :
|b Project MUSE,
|c 2014
|
| 264 |
|
4 |
|c ©2012.
|
| 300 |
|
|
|a 1 online resource (184 pages).
|
| 336 |
|
|
|a text
|b txt
|2 rdacontent
|
| 337 |
|
|
|a computer
|b c
|2 rdamedia
|
| 338 |
|
|
|a online resource
|b cr
|2 rdacarrier
|
| 505 |
0 |
|
|a ""Cover""; ""Acknowledgments""
|
| 520 |
|
|
|a "'A dystopian drug-fantasy--brimming with a labyrinth plot and indelible characters--that unfold in the apocalyptic debris of an all but unrecognizable American city."--
|c Provided by publisher.
|
| 588 |
|
|
|a Description based on print version record.
|
| 650 |
|
7 |
|a Dystopias.
|2 fast
|0 (OCoLC)fst00900372
|
| 650 |
|
7 |
|a Drug dealers.
|2 fast
|0 (OCoLC)fst01432137
|
| 650 |
|
7 |
|a Drug addiction.
|2 fast
|0 (OCoLC)fst01430217
|
| 650 |
|
7 |
|a Drug abuse.
|2 fast
|0 (OCoLC)fst00898480
|
| 650 |
|
6 |
|a Dystopies
|v Romans, nouvelles, etc.
|
| 650 |
|
6 |
|a Trafiquants de drogues
|v Romans, nouvelles, etc.
|
| 650 |
|
6 |
|a Toxicomanie
|v Romans, nouvelles, etc.
|
| 650 |
|
0 |
|a Dystopias
|v Fiction.
|
| 650 |
|
0 |
|a Drug dealers
|v Fiction.
|
| 650 |
|
0 |
|a Drug addiction
|v Fiction.
|
| 650 |
|
0 |
|a Drug abuse
|v Fiction.
|
| 655 |
|
7 |
|a Fiction.
|2 fast
|0 (OCoLC)fst01423787
|
| 655 |
|
7 |
|a Electronic books.
|2 local
|
| 700 |
1 |
|
|a Allshouse, Shaun,
|e designer.
|
| 710 |
2 |
|
|a Project Muse.
|e distributor
|
| 830 |
|
0 |
|a Book collections on Project MUSE.
|
| 856 |
4 |
0 |
|z Texto completo
|u https://projectmuse.uam.elogim.com/book/24402/
|
| 945 |
|
|
|a Project MUSE - Custom Collection
|
| 945 |
|
|
|a Project MUSE - 2012 Poetry, Fiction and Creative Non-Fiction Supplement II
|
| 945 |
|
|
|a Project MUSE - 2012 Complete Supplement II
|